000
00220nam a22000857a 4500
008
160712b xxu||||| |||| 00| 0 eng d
100
_9
2667
_a
Roy, N
245
_a
The Telephone
260
_a
New Delhi
_b
Children Book Trust
_c
2003
999
_c
2320
_d
2320